[Event "AUTO-INT-118"]
[Site "http://www.queenalice.com/game.php?id=89817"]
[Date "2006.7.26"]
[Round "1"]
[White "tecnologoemsaude"]
[Black "Diego_Silveira"]
[Result "0-1"]
[WhiteElo "1531"]
[BlackElo "1720"]

1. e4 c6 2. e5 d5 3. d4 Bf5 4. Qf3 e6 5. a3 Nd7 6. g4 Be4 7. Qb3 Bxh1 8. Qxb7
Qc8 9. Qxc8+ Rxc8 10. f3 c5 11. Ba6 Rc7 12. Nc3 cxd4 13. Nb5 Rxc2 14. Bd2 Bc5
15. Kd1 d3 16. Nc7+ Kd8 17. Ba5 Bb6 18. Bxb6 Nxb6 19. Nb5 Nc4 20. Nd6 Nxb2+ 21.
Ke1 d2+ 22. Ke2 d1+=Q+ 23. Ke3 Qd2# 0-1

[Event "AUTO-INT-118"]
[Site "http://www.queenalice.com/game.php?id=89828"]
[Date "2006.7.26"]
[Round "1"]
[White "jocachess"]
[Black "tecnologoemsaude"]
[Result "0-1"]
[WhiteElo "1494"]
[BlackElo "1523"]

1. e4 e5 2. Nf3 Qf6 3. Bb5 a6 4. Bc4 d5 5. Bxd5 Bc5 6. d4 exd4 7. c3 dxc3 8.
Nxc3 Bb4 9. Bd2 c6 10. Bg5 Bxc3+ 11. bxc3 Qxc3+ 12. Bd2 Qf6 13. Bb3 Qg6 14. Qe2
Qxg2 15. Qf1 Qxf3 16. e5 Qe4+ 17. Be3 Qxe5 18. Rd1 Nf6 19. Qe2 Bg4 20. f3 Bh3
21. Bd4 Qxe2+ 22. Kxe2 Nh5 23. Kd2 O-O 24. Rde1 Bg2 25. Rhg1 Bxf3 26. Re3 Rd8
27. Kc3 Bd5 28. Rge1 Kf8 29. Rh3 g6 30. Bc5+ Kg8 31. Be7 Re8 32. Rhe3 a5 33. Kd4
Be6 34. Bg5 c5+ 35. Kxc5 Rc8+ 36. Kd6 Ra6+ 37. Ke5 Nc6+ 38. Ke4 a4 39. Bxe6 fxe6
40. a3 e5 41. h4 b5 42. Kd5 h6 43. Bxh6 Nf6+ 44. Kc5 Na7+ 45. Kb4 Rc4# 0-1

[Event "AUTO-INT-118"]
[Site "http://www.queenalice.com/game.php?id=89829"]
[Date "2006.7.26"]
[Round "1"]
[White "tecnologoemsaude"]
[Black "jocachess"]
[Result "1-0"]
[WhiteElo "1552"]
[BlackElo "1498"]

1. e4 Nf6 2. e5 Nd5 3. Qf3 e6 4. Nh3 Bb4 5. c4 Nb6 6. a3 Qf6 7. axb4 Qxf3 8.
gxf3 Nc6 9. b5 Nxe5 10. Be2 Nbxc4 11. f4 Ng6 12. Bxc4 O-O 13. b3 d5 14. f5 exf5
15. Bxd5 Re8+ 16. Kf1 c6 17. bxc6 Rd8 18. cxb7 Rb8 19. bxc8=N Rxd5 20. Nc3 Rd7
21. Nxa7 Rxb3 22. Nab5 Ne5 23. Ra8+ 1-0

[Event "AUTO-INT-132"]
[Site "http://www.queenalice.com/game.php?id=93923"]
[Date "2006.8.8"]
[Round "1"]
[White "tecnologoemsaude"]
[Black "maxsource"]
[Result "0-1"]
[WhiteElo "1533"]
[BlackElo "1538"]

1. e4 e5 2. Nf3 Nc6 3. Bc4 Bc5 4. d3 Nf6 5. Nc3 d6 6. h3 O-O 7. Bg5 Na5 8. Bxf6
Qxf6 9. Nd5 Qd8 10. Qd2 Nxc4 11. dxc4 c6 12. b4 cxd5 13. bxc5 dxc5 14. cxd5 Re8
15. Qc3 b6 16. O-O Qf6 17. Rad1 Bd7 18. g4 h5 19. g5 Qf4 20. Nd2 Qxg5+ 21. Qg3
Qxg3+ 22. fxg3 Bxh3 23. Rf3 Bg4 24. d6 Bxf3 25. Nxf3 Rad8 26. d7 Re7 27. Rd5
Rdxd7 28. Rxe5 Rxe5 29. Nxe5 Re7 30. Nc6 Rxe4 31. Nxa7 Kh7 32. Kf2 Kg6 33. Nb5
Kg5 34. Nd6 Re7 35. Kf3 f5 36. Nc8 Re1 37. Kf2 Rc1 0-1

[Event "AUTO-INT-132"]
[Site "http://www.queenalice.com/game.php?id=93924"]
[Date "2006.8.8"]
[Round "1"]
[White "maxsource"]
[Black "tecnologoemsaude"]
[Result "1-0"]
[WhiteElo "1372"]
[BlackElo "1560"]

1. e4 d5 2. exd5 Qxd5 3. Nc3 Qf5 4. Qf3 g6 5. Bd3 Qe5+ 6. Nge2 Nc6 7. O-O e6 8.
Re1 Bd6 9. g3 Nd4 10. Qe3 Nxe2+ 11. Rxe2 Nf6 12. Qxe5 Bxe5 13. Rxe5 O-O 14. b3
Ng4 15. Re2 b6 16. Ba3 c5 17. Ne4 f5 18. Ng5 h6 19. Nxe6 Rf7 20. Bc4 Kh7 21.
Ng5+ hxg5 22. Bxf7 Ba6 23. d3 Kg7 24. Re7 Kf8 25. Rae1 Kg7 26. Bd5+ Kh6 27. Bxa8
Bb5 28. Bf3 Nf6 29. Rf7 Ne8 30. Ree7 g4 31. Bc1+ g5 32. Re6+ Kh5 33. Rh7# 1-0

[Event "AUTO-INT-132"]
[Site "http://www.queenalice.com/game.php?id=93925"]
[Date "2006.8.8"]
[Round "1"]
[White "tecnologoemsaude"]
[Black "Viper_SB"]
[Result "1-0"]
[WhiteElo "1538"]
[BlackElo "1681"]

1. e4 e6 2. e5 Bc5 3. d4 Bb4+ 4. c3 Ba5 5. Nf3 Ne7 6. Bg5 d6 7. Qa4+ c6 8. Bxe7
Kxe7 9. d5 Bc7 10. Qh4+ Kf8 11. exd6 Qxd6 12. dxe6 Qxe6+ 13. Be2 Nd7 14. Ng5 Qg6
15. Bc4 Ne5 16. Bb3 Bd6 17. f4 Nd3+ 18. Kf1 Be6 19. Bc2 Bc4 20. Nd2 Nxb2+ 21.
Nxc4 Qxc2 22. Nxd6 Qd3+ 23. Kf2 Qxd6 24. Rhf1 Nd3+ 25. Kg1 h5 26. Rad1 Qc5+ 27.
Kh1 Qf5 28. Rf3 Rd8 29. Ne6+ Qxe6 30. Qxd8+ Qe8 31. Qxd3 Kg8 32. Re3 Qf8 33.
Rde1 f6 34. Re8 Kf7 35. Rxf8+ Rxf8 36. f5 Kg8 37. Qd7 1-0

[Event "AUTO-INT-132"]
[Site "http://www.queenalice.com/game.php?id=93926"]
[Date "2006.8.8"]
[Round "1"]
[White "Viper_SB"]
[Black "tecnologoemsaude"]
[Result "1-0"]
[WhiteElo "1713"]
[BlackElo "1540"]

1. e4 g6 2. Bc4 Bg7 3. Nf3 b6 4. d4 c5 5. d5 e5 6. O-O Nf6 7. Qe2 d6 8. Nc3 O-O
9. Bg5 Bg4 10. a3 h6 11. Bxf6 Qxf6 12. b4 Bxf3 13. Qxf3 Qf4 14. Ne2 Qh4 15. Ng3
a5 16. bxc5 bxc5 17. Rab1 f5 18. exf5 g5 19. Rb6 Qxc4 20. Rxd6 Na6 21. Rg6 Rf6
22. Nh5 e4 23. Rxg7+ Kf8 24. Qh3 Qxd5 25. Nxf6 Qc6 26. Rg6 Qb7 27. Qxh6+ 1-0

[Event "AUTO-INT-132"]
[Site "http://www.queenalice.com/game.php?id=93927"]
[Date "2006.8.8"]
[Round "1"]
[White "tecnologoemsaude"]
[Black "Gustavox"]
[Result "0-1"]
[WhiteElo "1507"]
[BlackElo "1757"]

1. e4 e5 2. Qf3 Nf6 3. d4 d6 4. d5 Bg4 5. Qd3 c6 6. Qb3 Qc7 7. f3 Bc8 8. Qc3 Be7
9. Bb5 O-O 10. Bg5 Nxd5 11. exd5 Bxg5 12. h4 Bf6 13. Nd2 e4 14. Qc4 exf3 15.
Ngxf3 a6 16. dxc6 axb5 17. cxb7 Qxb7 18. Qb4 Re8+ 19. Kf1 Ra4 20. Qxd6 Bxb2 21.
Re1 Rxe1+ 22. Kf2 Re8 0-1

[Event "AUTO-INT-132"]
[Site "http://www.queenalice.com/game.php?id=93928"]
[Date "2006.8.8"]
[Round "1"]
[White "Gustavox"]
[Black "tecnologoemsaude"]
[Result "1-0"]
[WhiteElo "1806"]
[BlackElo "1536"]

1. e4 g6 2. d4 d5 3. e5 f6 4. Nf3 e6 5. c4 f5 6. Nc3 Bb4 7. Bd2 Ne7 8. cxd5 Bxc3
9. bxc3 Qxd5 10. c4 Qe4+ 11. Be2 Nbc6 12. Be3 Qg4 13. O-O f4 14. h3 Qh5 15. Nh2
Qf5 16. Bc1 g5 17. Bb2 h5 18. Bxh5+ Ng6 19. Ng4 Kf7 20. Ne3 Qe4 21. Bf3 1-0

[Event "Challenge"]
[Site "http://www.queenalice.com/game.php?id=93992"]
[Date "2006.8.8"]
[Round "-"]
[White "marcosweck"]
[Black "tecnologoemsaude"]
[Result "1-0"]
[WhiteElo "1615"]
[BlackElo "1566"]

1. e4 d5 2. e5 d4 3. Nf3 e6 4. c3 d3 5. Qa4+ c6 6. Qd4 Nd7 7. Bxd3 Bc5 8. Qa4 f6
9. exf6 Qxf6 10. Qh4 Ne5 11. Qh5+ g6 12. Qxe5 Qxe5+ 13. Nxe5 Bd6 14. Nc4 Bf4 15.
O-O e5 16. Re1 Nf6 17. Nxe5 O-O 18. g3 Bg5 19. Bxg6 hxg6 20. Nxg6 Re8 21. Rxe8+
Nxe8 22. f4 Bf5 23. fxg5 Bxg6 24. d4 Rd8 25. Na3 1-0

[Event "QA-ANNIV-02"]
[Site "http://www.queenalice.com/game.php?id=106412"]
[Date "2006.9.15"]
[Round "3"]
[White "pedone"]
[Black "tecnologoemsaude"]
[Result "1-0"]
[WhiteElo "1777"]
[BlackElo "1485"]

1. e4 e5 2. Nf3 Nc6 3. Bc4 Nf6 4. d3 Bc5 5. c3 Ng4 6. O-O O-O 7. d4 Bb6 8. d5
Na5 9. Bd3 d6 10. b4 c5 11. bxa5 Bxa5 12. Bg5 f6 13. Bc1 1-0